000 00408nam a2200157 i 4500
001 30717
003 ES-MaACL
005 20230906154236.0
007 t|
008 030127s1912 xxk ||||1| eng d
100 1 _aBell, Aubrey F. G.
_927172
245 1 4 _aThe magic of Spain /
_cAubrey F. G. Bell.
260 _aLondon :
_bJohn Lane,
_c1912.
300 _aXV, 264 p. ;
_c19 cm.
852 _aES-MaACL
_jC-1041
999 _c30717
_d30717